[Event "SWE-chT 1718 Superettan"]
[Site "Sweden"]
[Date "2018.03.18"]
[Round "9.1"]
[White "Wickstrom, Lucas"]
[Black "Shirov, Alexei"]
[Result "0-1"]
[WhiteElo "2372"]
[BlackElo "2630"]
[PlyCount "62"]
[EventDate "2017.10.20"]
[EventType "team-tourn"]
[EventRounds "9"]
[EventCountry "SWE"]
[SourceTitle "EXT 2019"]
[Source "ChessBase"]
[SourceDate "2018.10.10"]
[SourceVersion "1"]
[SourceVersionDate "2018.10.10"]
[SourceQuality "1"]
[WhiteTeam "Umea Rockaden"]
[BlackTeam "Wasa"]
[WhiteTeamCountry "SWE"]
[BlackTeamCountry "SWE"]

1. d4 Nf6 2. c4 e6 3. Nf3 d5 4. cxd5 exd5 5. Nc3 c6 6. Bg5 h6 7. Bh4 Bf5 8. e3 Nbd7 9. Bd3 Bxd3 10. Qxd3 Be7 11. 0-0 0-0 12. Rfb1 a5 13. Bxf6 Nxf6 14. Ne5 Nd7 15. Nxd7 Qxd7 16. a4 f5 17. Ne2 Bd6 18. g3 g5 19. f4 Rae8 20. Kf2 Re7 21. Ng1 g4 22. Re1 Rfe8 23. Qb3 Bb4 24. Re2 Re4 25. Rd1 R8e6 26. Rd3 Kg7 27. Rc2 Qe7 28. Ne2 Rxe3 29. Nc1 Re1 30. Kg2 Rxc1 31. Rxc1 Re2+ 0-1

[Event "SWE-chT 1718 Superettan"]
[Site "Sweden"]
[Date "2018.02.03"]
[Round "5"]
[White "Wickstrom, Lucas"]
[Black "Krupenski, Juri"]
[Result "0-1"]
[WhiteElo "2372"]
[BlackElo "2400"]
[PlyCount "67"]
[EventDate "2017.10.20"]
[EventType "team-tourn"]
[EventRounds "9"]
[EventCountry "SWE"]
[SourceTitle "EXT 2019"]
[Source "ChessBase"]
[SourceDate "2018.10.10"]
[SourceVersion "1"]
[SourceVersionDate "2018.10.10"]
[SourceQuality "1"]
[WhiteTeam "Umea Rockaden"]
[BlackTeam "Burgsvik Alva"]
[WhiteTeamCountry "SWE"]
[BlackTeamCountry "SWE"]

1. d4 Nf6 2. c4 e6 3. Nf3 Bb4+ 4. Bd2 Qe7 5. Qc2 Bxd2+ 6. Nbxd2 d6 7. e3 c5 8. dxc5 dxc5 9. Bd3 Nc6 10. a3 b6 11. 0-0 Bb7 12. Rfd1 0-0-0 13. Ne4 Nd7 14. Be2 Nde5 15. Nc3 f5 16. Qa4 Kb8 17. Rxd8+ Rxd8 18. Rd1 Nxf3+ 19. Bxf3 Ne5 20. Bxb7 Kxb7 21. f4 Ng4 22. Rxd8 Qxd8 23. Qd1 Qxd1+ 24. Nxd1 Ka6 25. b3 b5 26. cxb5+ Kxb5 27. Nc3+ Kc6 28. e4 Ne3 29. exf5 exf5 30. Kf2 Nc2 31. Nb1 Kd5 32. Nc3+ Kd4 33. Nb5+ Kd3 34. b4 0-1

[Event "SWE-chT 1718 Superettan"]
[Site "Sweden"]
[Date "2017.10.22"]
[Round "3"]
[White "Renman, Nils Gustaf"]
[Black "Wickstrom, Lucas"]
[Result "1-0"]
[WhiteElo "2368"]
[BlackElo "2372"]
[PlyCount "97"]
[EventDate "2017.10.20"]
[EventType "team-tourn"]
[EventRounds "9"]
[EventCountry "SWE"]
[SourceTitle "EXT 2019"]
[Source "ChessBase"]
[SourceDate "2018.10.10"]
[SourceVersion "1"]
[SourceVersionDate "2018.10.10"]
[SourceQuality "1"]
[WhiteTeam "Norrkoping Schack 08"]
[BlackTeam "Umea Rockaden"]
[WhiteTeamCountry "SWE"]
[BlackTeamCountry "SWE"]

1. d4 Nf6 2. Nf3 e6 3. c4 c5 4. d5 exd5 5. cxd5 d6 6. Nc3 g6 7. e4 Bg7 8. Nd2 0-0 9. Be2 Re8 10. 0-0 Nbd7 11. Qc2 Ne5 12. Nb3 Nh5 13. Be3 a6 14. a4 Qh4 15. Qd2 Ng4 16. Bxg4 Qxg4 17. f3 Qd7 18. a5 Qe7 19. Na4 Bd7 20. Nb6 Rad8 21. Rfe1 Bb5 22. g4 Nf6 23. Bg5 Qf8 24. Qf4 Nd7 25. Bxd8 Rxd8 26. Nxd7 Rxd7 27. Qd2 f5 28. exf5 gxf5 29. g5 Bc4 30. Nc1 Qf7 31. Rd1 Bd4+ 32. Kg2 Qh5 33. Ne2 Rg7 34. Nxd4 Bxd5 35. Qf4 Rxg5+ 36. Kf2 cxd4 37. Rg1 Rg6 38. Rad1 Bxf3 39. Rxg6+ hxg6 40. Qxf3 Qxh2+ 41. Ke1 Qxb2 42. Qd5+ Kh7 43. Qxd4 Qa3 44. Kf2 Qxa5 45. Qxd6 Qa2+ 46. Qd2 Qc4 47. Qd7+ Kh8 48. Qe8+ Kg7 49. Qe7+ 1-0

[Event "SWE-chT 1617"]
[Site "Sweden"]
[Date "2017.03.26"]
[Round "9.4"]
[White "Wickstrom, Lucas"]
[Black "Meier, Georg"]
[Result "1/2-1/2"]
[WhiteElo "2374"]
[BlackElo "2648"]
[PlyCount "104"]
[EventDate "2016.10.14"]
[EventType "team-tourn"]
[EventRounds "9"]
[EventCountry "SWE"]
[SourceTitle "CBM 177 Extra"]
[Source "ChessBase"]
[SourceDate "2017.04.27"]
[SourceVersion "1"]
[SourceVersionDate "2017.04.27"]
[SourceQuality "1"]
[WhiteTeam "Umea Rockaden"]
[BlackTeam "Malmo"]
[WhiteTeamCountry "SWE"]
[BlackTeamCountry "SWE"]

1. d4 Nf6 2. Bg5 d5 3. Bxf6 exf6 4. e3 Bd6 5. g3 c6 6. Bg2 Nd7 7. Ne2 0-0 8. 0-0 Nb6 9. b3 Qe7 10. Re1 Re8 11. a3 Bg4 12. Qd3 Qe6 13. Nd2 Bf5 14. Qc3 h5 15. Qb2 Bg4 16. Rac1 Qe7 17. Nb1 Bf5 18. Qa2 Rad8 19. c4 dxc4 20. bxc4 c5 21. Nbc3 g6 22. Nb5 Bb8 23. dxc5 Qxc5 24. Nbd4 Be4 25. Bxe4 Rxe4 26. Red1 Ree8 27. a4 Be5 28. a5 Nc8 29. a6 Re7 30. Nb5 Red7 31. Rxd7 Rxd7 32. axb7 Rxb7 33. Ned4 Nd6 34. Qa6 Rd7 35. Qc6 Qxc6 36. Nxc6 Nxb5 37. cxb5 Rb7 38. Nxe5 fxe5 39. Rc5 e4 40. f3 exf3 41. Kf2 Kf8 42. Kxf3 Ke7 43. Ke4 Kd7 44. Kd4 Rb6 45. Rd5+ Kc7 46. Rc5+ Kd7 47. Rd5+ Ke6 48. Re5+ Kf6 49. Rc5 Rd6+ 50. Ke4 a6 51. bxa6 Rxa6 52. h4 Rb6 1/2-1/2

[Event "SWE-chT 1617"]
[Site "Sweden"]
[Date "2017.01.14"]
[Round "4.3"]
[White "Westerberg, Jonathan"]
[Black "Wickstrom, Lucas"]
[Result "0-1"]
[WhiteElo "2489"]
[BlackElo "2374"]
[PlyCount "88"]
[EventDate "2016.10.14"]
[EventType "team-tourn"]
[EventRounds "9"]
[EventCountry "SWE"]
[SourceTitle "CBM 177 Extra"]
[Source "ChessBase"]
[SourceDate "2017.04.27"]
[SourceVersion "1"]
[SourceVersionDate "2017.04.27"]
[SourceQuality "1"]
[WhiteTeam "Viking Team"]
[BlackTeam "Umea Rockaden"]
[WhiteTeamCountry "SWE"]
[BlackTeamCountry "SWE"]

1. e4 c5 2. Nf3 Nc6 3. Bb5 Nf6 4. Nc3 g6 5. Bxc6 dxc6 6. d3 Bg4 7. h3 Bxf3 8. Qxf3 Bg7 9. 0-0 0-0 10. Bf4 Ne8 11. Qg3 b6 12. Rae1 Rc8 13. Qh4 Nc7 14. Bh6 e5 15. Qxd8 Rcxd8 16. Bxg7 Kxg7 17. f4 f6 18. Nd1 exf4 19. Rxf4 Ne6 20. Rf2 h5 21. Ne3 b5 22. Ref1 Rd4 23. b3 Rd7 24. h4 Nd4 25. g4 hxg4 26. Nxg4 f5 27. Ne3 Re8 28. c3 fxe4 29. cxd4 exd3 30. Ng2 Rxd4 31. Rd2 c4 32. bxc4 bxc4 33. Rc1 Rde4 34. Kf2 Kf6 35. Kf3 Ke5 36. Rb2 Kd4 37. Nf4 Re3+ 38. Kg4 c5 39. Rb7 R3e7 40. Rxe7 Rxe7 41. Nxg6 d2 42. Rd1 Re4+ 43. Kf5 c3 44. h5 Re1 0-1

[Event "SWE-chT 1516 Superettan"]
[Site "Sweden"]
[Date "2015.11.06"]
[Round "1"]
[White "Wickstrom, Lucas"]
[Black "Bromann, Thorbjorn"]
[Result "1/2-1/2"]
[WhiteElo "2361"]
[BlackElo "2453"]
[PlyCount "146"]
[EventDate "2015.11.06"]
[EventType "team-tourn"]
[EventRounds "9"]
[EventCountry "SWE"]
[SourceTitle "EXT 2018"]
[Source "ChessBase"]
[SourceDate "2017.10.13"]
[SourceVersion "1"]
[SourceVersionDate "2017.10.13"]
[SourceQuality "1"]
[WhiteTeam "Umea Rockaden"]
[BlackTeam "Vaxjo"]
[WhiteTeamCountry "SWE"]
[BlackTeamCountry "SWE"]

1. d4 e6 2. Nf3 f5 3. g3 Nf6 4. Bg2 d5 5. 0-0 Bd6 6. b3 Qe7 7. c4 c6 8. a4 0-0 9. Ba3 Bxa3 10. Nxa3 Nbd7 11. Nc2 dxc4 12. bxc4 e5 13. dxe5 Nxe5 14. Nxe5 Qxe5 15. Ra3 f4 16. gxf4 Qxf4 17. Qd4 Ng4 18. Rg3 Qxd4 19. Nxd4 Rd8 20. e3 Ne5 21. Rc1 a5 22. c5 Bd7 23. Rb1 Rab8 24. Be4 Re8 25. Bc2 Kh8 26. f4 Nf7 27. e4 g5 28. f5 h6 29. Rgb3 Nd8 30. Nf3 g4 31. Nh4 Kg7 32. Rd1 Bc8 33. e5 Nf7 34. e6 Ng5 35. Ng2 Nh3+ 36. Kf1 Kf6 37. Ne3 h5 38. Nc4 Kg5 39. Nd6 Re7 40. Nf7+ Kf6 41. Rd8 Nf4 42. Nd6 Bxe6 43. Rxb8 Bxb3 44. Bxb3 Nd3 45. Rf8+ Kg5 46. Rg8+ Kf4 47. Re8 Rxe8 48. Nxe8 Nxc5 49. f6 Nd7 50. f7 h4 51. Nd6 b6 52. Nc4 b5 53. Nxa5 bxa4 54. Bxa4 Nf8 55. Bxc6 Ke3 56. Kg2 Kf4 57. Nc4 Kf5 58. Bd5 Kf4 59. Nb2 Ke5 60. Bb3 Ke4 61. Bd1 Kf5 62. Nd3 Ke6 63. Bb3+ Kf5 64. Nc5 Kf6 65. Bc4 Ke7 66. Ne4 Ng6 67. Ng5 Kf6 68. Ne4+ Ke7 69. Nc5 Nf4+ 70. Kf1 g3 71. h3 g2+ 72. Kg1 Nxh3+ 73. Kxg2 Ng5 1/2-1/2

[Event "SWE-chT 1415 Superettan"]
[Site "Sweden"]
[Date "2015.03.22"]
[Round "9"]
[White "Wickstrom, Lucas"]
[Black "Andersson, Fredrik1"]
[Result "1/2-1/2"]
[WhiteElo "2340"]
[BlackElo "2289"]
[PlyCount "105"]
[EventDate "2014.11.21"]
[EventType "team-tourn"]
[EventRounds "9"]
[EventCountry "SWE"]
[SourceTitle "EXT 2018"]
[Source "ChessBase"]
[SourceDate "2017.10.13"]
[SourceVersion "1"]
[SourceVersionDate "2017.10.13"]
[SourceQuality "1"]
[WhiteTeam "Umea Rockaden"]
[BlackTeam "Upsala"]
[WhiteTeamCountry "SWE"]
[BlackTeamCountry "SWE"]

1. d4 d5 2. c4 e6 3. Nc3 Be7 4. Bf4 Nf6 5. e3 0-0 6. c5 c6 7. Bd3 b6 8. cxb6 Qxb6 9. Nge2 Nbd7 10. 0-0 Ba6 11. Na4 Qa5 12. Bxa6 Qxa6 13. a3 c5 14. dxc5 Nxc5 15. Nxc5 Bxc5 16. Nd4 Rfc8 17. b4 Bxd4 18. Qxd4 Rc4 19. Qb2 Rac8 20. b5 Qa5 21. Be5 Ne8 22. Bd4 Rb8 23. Rab1 f6 24. f4 Nc7 25. Qe2 h6 26. Qg4 Kh7 27. Qh5 Rxb5 28. Bxf6 Rxb1 29. Rxb1 Qd2 30. Bd4 Nb5 31. f5 Rc1+ 32. Rxc1 Qxc1+ 33. Kf2 Qc2+ 34. Kg3 exf5 35. h3 Nxd4 36. exd4 Qe4 37. Qf7 a5 38. a4 Qe3+ 39. Kh2 Qf4+ 40. Kh1 Qe4 41. Kh2 f4 42. Kh1 Qe1+ 43. Kh2 Qg3+ 44. Kh1 Qg5 45. Kh2 h5 46. Kh1 h4 47. Qc7 Qf5 48. Qe7 Qf6 49. Qxf6 gxf6 50. Kg1 Kg6 51. Kf2 Kg5 52. Ke2 Kg6 53. Kf2 1/2-1/2

[Event "SWE-chT 1415 Superettan"]
[Site "Sweden"]
[Date "2015.01.16"]
[Round "6"]
[White "Wickstrom, Lucas"]
[Black "Olund, Joar"]
[Result "1-0"]
[WhiteElo "2340"]
[BlackElo "2300"]
[PlyCount "65"]
[EventDate "2014.11.21"]
[EventType "team-tourn"]
[EventRounds "9"]
[EventCountry "SWE"]
[SourceTitle "EXT 2018"]
[Source "ChessBase"]
[SourceDate "2017.10.13"]
[SourceVersion "1"]
[SourceVersionDate "2017.10.13"]
[SourceQuality "1"]
[WhiteTeam "Umea Rockaden"]
[BlackTeam "Stockholm Rockaden II"]
[WhiteTeamCountry "SWE"]
[BlackTeamCountry "SWE"]

1. d4 Nf6 2. c4 g6 3. Nc3 Bg7 4. e4 d6 5. Nf3 0-0 6. Be2 e5 7. 0-0 Nh5 8. dxe5 dxe5 9. c5 Nf4 10. Bc4 Be6 11. Qb3 Nd7 12. Be3 Qe7 13. Bxe6 fxe6 14. Rfd1 Nxc5 15. Qa3 b6 16. Na4 Nh3+ 17. Kf1 Rxf3 18. gxf3 Bf8 19. Nxc5 bxc5 20. Qa4 Qf6 21. Qc6 Rb8 22. Qxc7 Rxb2 23. Kg2 Qh4 24. Qxe5 Nxf2 25. Qxb2 Qh3+ 26. Kg1 Nxd1 27. Rxd1 Qxf3 28. Re1 Qxe4 29. Qg2 Qd3 30. Bf2 Kf7 31. Qb7+ Kf6 32. Qe4 Qh3 33. Qh4+ 1-0

[Event "SWE-chT 1112"]
[Site "Sweden"]
[Date "2012.03.11"]
[Round "9"]
[White "Wickstrom, Lucas"]
[Black "Brynell, Stellan"]
[Result "1-0"]
[WhiteElo "2237"]
[BlackElo "2491"]
[PlyCount "81"]
[EventDate "2011.10.07"]
[EventType "team-tourn"]
[EventRounds "9"]
[EventCountry "SWE"]
[SourceTitle "EXT 2013"]
[Source "ChessBase"]
[SourceDate "2012.11.22"]
[SourceVersion "1"]
[SourceVersionDate "2012.11.22"]
[SourceQuality "1"]
[WhiteTeam "Umea Rockaden"]
[BlackTeam "Limhamn"]
[WhiteTeamCountry "SWE"]
[BlackTeamCountry "SWE"]

1. d4 e6 2. c4 Nf6 3. Nf3 d5 4. Nc3 Bb4 5. Bg5 h6 6. Bh4 dxc4 7. Qa4+ Nc6 8. Bxf6 Qxf6 9. a3 Bxc3+ 10. bxc3 0-0 11. e3 e5 12. Bxc4 e4 13. Nd2 Qg6 14. Bd5 Bf5 15. 0-0 Nd8 16. f3 exf3 17. Bxf3 c6 18. e4 Bg4 19. Qb3 b6 20. Rae1 Nb7 21. e5 Rad8 22. Be4 Qg5 23. Qc2 Na5 24. Bd3 Qe7 25. Ne4 Be6 26. Nf6+ Kh8 27. Qe2 Qxa3 28. Qe4 g6 29. Qh4 Kg7 30. Nh5+ Kh7 31. Nf6+ Kg7 32. Nh5+ Kh7 33. Re3 Rh8 34. Nf6+ Kg7 35. Nh5+ Kh7 36. Bxg6+ fxg6 37. Qf6 Rhg8 38. Qxe6 Kh8 39. Nf6 Rgf8 40. Rh3 h5 41. Qg4 1-0

[Event "SWE-chT 1112"]
[Site "Sweden"]
[Date "2012.03.10"]
[Round "8"]
[White "Wickstrom, Lucas"]
[Black "Akesson, Ralf"]
[Result "1/2-1/2"]
[WhiteElo "2237"]
[BlackElo "2421"]
[PlyCount "77"]
[EventDate "2011.10.07"]
[EventType "team-tourn"]
[EventRounds "9"]
[EventCountry "SWE"]
[SourceTitle "EXT 2013"]
[Source "ChessBase"]
[SourceDate "2012.11.22"]
[SourceVersion "1"]
[SourceVersionDate "2012.11.22"]
[SourceQuality "1"]
[WhiteTeam "Umea Rockaden"]
[BlackTeam "Vasteras"]
[WhiteTeamCountry "SWE"]
[BlackTeamCountry "SWE"]

1. d4 Nf6 2. c4 g6 3. Nc3 d5 4. cxd5 Nxd5 5. e4 Nxc3 6. bxc3 Bg7 7. Nf3 c5 8. Rb1 0-0 9. Be2 cxd4 10. cxd4 Qa5+ 11. Bd2 Qxa2 12. 0-0 Bg4 13. Bg5 h6 14. Be3 Bxf3 15. Bxf3 Nc6 16. Rxb7 Rab8 17. Rxb8 Rxb8 18. e5 Nb4 19. Be4 e6 20. h4 Nd5 21. Qf3 Rd8 22. h5 g5 23. Bb1 Qb3 24. Qe4 Kf8 25. Bd2 Qb2 26. Bc1 Qb3 27. Qh7 Nf4 28. Bxf4 gxf4 29. Rc1 Qb2 30. Rc7 Qb6 31. Rc5 Rxd4 32. Qc2 Rd8 33. Ba2 Kg8 34. Kh2 a5 35. Bb3 Qb4 36. Rc7 Qd2 37. Qc5 f3 38. Bxe6 fxe6 39. Rxg7+ 1/2-1/2

[Event "SWE-chT 1112"]
[Site "Sweden"]
[Date "2012.01.15"]
[Round "6"]
[White "Wickstrom, Lucas"]
[Black "Karlsson, Lars"]
[Result "1-0"]
[WhiteElo "2237"]
[BlackElo "2485"]
[PlyCount "67"]
[EventDate "2011.10.07"]
[EventType "team-tourn"]
[EventRounds "9"]
[EventCountry "SWE"]
[SourceTitle "EXT 2013"]
[Source "ChessBase"]
[SourceDate "2012.11.22"]
[SourceVersion "1"]
[SourceVersionDate "2012.11.22"]
[SourceQuality "1"]
[WhiteTeam "Umea Rockaden"]
[BlackTeam "Umea Rockaden"]
[WhiteTeamCountry "SWE"]
[BlackTeamCountry "SWE"]

1. d4 e6 2. Nf3 f5 3. g3 Nf6 4. Bg2 d5 5. 0-0 Be7 6. c4 0-0 7. Nc3 c6 8. Bf4 Nh5 9. e3 Nd7 10. Re1 dxc4 11. Nd2 Nxf4 12. gxf4 Nb6 13. Qe2 Kh8 14. Nxc4 Nxc4 15. Qxc4 Bd6 16. Na4 g5 17. fxg5 f4 18. exf4 Rxf4 19. Nc5 Qxg5 20. Ne4 Rxe4 21. Rxe4 Bd7 22. h3 e5 23. Re3 e4 24. Rae1 Rf8 25. Qe2 Bf4 26. Rb3 Be6 27. Rxb7 Bxh3 28. Qxe4 Bf5 29. Qf3 Qh6 30. d5 Qh2+ 31. Kf1 Be5 32. dxc6 Bd4 33. Qxf5 Rxf5 34. Re8+ 1-0

[Event "SWE-chT 1112"]
[Site "Sweden"]
[Date "2011.10.09"]
[Round "3"]
[White "Wickstrom, Lucas"]
[Black "Lindberg, Bengt"]
[Result "1-0"]
[WhiteElo "2237"]
[BlackElo "2414"]
[PlyCount "83"]
[EventDate "2011.10.07"]
[EventType "team-tourn"]
[EventRounds "9"]
[EventCountry "SWE"]
[SourceTitle "EXT 2012"]
[Source "ChessBase"]
[SourceDate "2011.11.24"]
[SourceVersion "1"]
[SourceVersionDate "2011.11.24"]
[SourceQuality "1"]
[WhiteTeam "Umea Rockaden"]
[BlackTeam "Solna"]
[WhiteTeamCountry "SWE"]
[BlackTeamCountry "SWE"]

1. d4 Nf6 2. c4 e6 3. Nf3 c5 4. d5 d6 5. Nc3 exd5 6. cxd5 g6 7. Bg5 h6 8. Bh4 Bg7 9. e4 0-0 10. Nd2 g5 11. Bg3 Nxe4 12. Ndxe4 f5 13. Nxd6 f4 14. Nxc8 Qxc8 15. Be2 Nd7 16. Bg4 Qe8+ 17. Be6+ Kh8 18. 0-0 Ne5 19. Ne4 Qe7 20. Qe2 c4 21. Rac1 b5 22. b3 Rad8 23. a4 Nd3 24. Rb1 a6 25. bxc4 bxc4 26. Rb6 Qa7 27. Rc6 Ne5 28. Rd6 Rb8 29. Nxg5 fxg3 30. hxg3 Rb2 31. Qxb2 Nf3+ 32. Nxf3 Bxb2 33. Rd7 Qb8 34. Nh4 Rf6 35. Bf5 Rxf5 36. Nxf5 Qc8 37. Rf7 c3 38. d6 c2 39. d7 c1Q 40. Rxc1 Qxc1+ 41. Kh2 Qg5 42. Rf8+ 1-0

[Event "SWE-chT 1112"]
[Site "Sweden"]
[Date "2011.10.08"]
[Round "2"]
[White "Wickstrom, Lucas"]
[Black "Nithander, Victor"]
[Result "1-0"]
[WhiteElo "2237"]
[BlackElo "2423"]
[PlyCount "97"]
[EventDate "2011.10.07"]
[EventType "team-tourn"]
[EventRounds "9"]
[EventCountry "SWE"]
[SourceTitle "EXT 2012"]
[Source "ChessBase"]
[SourceDate "2011.11.24"]
[SourceVersion "1"]
[SourceVersionDate "2011.11.24"]
[SourceQuality "1"]
[WhiteTeam "Umea Rockaden"]
[BlackTeam "Manhem"]
[WhiteTeamCountry "SWE"]
[BlackTeamCountry "SWE"]

1. d4 Nf6 2. c4 g6 3. Nc3 Bg7 4. e4 d6 5. Nf3 0-0 6. Be2 e5 7. 0-0 Nc6 8. d5 Ne7 9. b4 a5 10. Ba3 axb4 11. Bxb4 b6 12. a4 Re8 13. a5 c5 14. dxc6 Nxc6 15. Bxd6 bxa5 16. c5 Nd4 17. Nxd4 exd4 18. Nb5 Nxe4 19. Bf3 Ba6 20. Re1 Bxb5 21. Bxe4 Ra7 22. Qb3 d3 23. Rad1 Qd7 24. Bxd3 Ba4 25. Rxe8+ Qxe8 26. Qb6 Ra8 27. Rb1 h5 28. Kf1 Bc6 29. f3 Qe3 30. Qxc6 Qxd3+ 31. Kf2 Bd4+ 32. Kg3 Rd8 33. Qe4 Qd2 34. Qe7 Ra8 35. Rb8+ Rxb8 36. Bxb8 Qc3 37. Bd6 Qc4 38. Qe4 a4 39. c6 Kh7 40. c7 a3 41. c8Q Qxc8 42. Qxd4 Qd8 43. Be5 Qg5+ 44. Kf2 a2 45. Bf6 Qc1 46. Qd8 g5 47. Qd3+ Kg8 48. Bc3 f6 49. Qg6+ 1-0

[Event "SWE-chT 1112"]
[Site "Sweden"]
[Date "2011.10.07"]
[Round "1"]
[White "Hagen, Andreas Skytte"]
[Black "Wickstrom, Lucas"]
[Result "1-0"]
[WhiteElo "2454"]
[BlackElo "2237"]
[PlyCount "35"]
[EventDate "2011.10.07"]
[EventType "team-tourn"]
[EventRounds "9"]
[EventCountry "SWE"]
[SourceTitle "EXT 2012"]
[Source "ChessBase"]
[SourceDate "2011.11.24"]
[SourceVersion "1"]
[SourceVersionDate "2011.11.24"]
[SourceQuality "1"]
[WhiteTeam "LASK"]
[BlackTeam "Umea Rockaden"]
[WhiteTeamCountry "SWE"]
[BlackTeamCountry "SWE"]

1. c4 Nf6 2. g3 c5 3. Bg2 e6 4. Nf3 a6 5. 0-0 b6 6. d4 Bb7 7. d5 b5 8. Bg5 exd5 9. cxd5 h6 10. Bxf6 Qxf6 11. e4 Qxb2 12. Nbd2 c4 13. Nxc4 bxc4 14. Rb1 Qxa2 15. Rxb7 Ba3 16. Qd4 0-0 17. Ra1 Bc5 18. Rxa2 1-0

[Event "SWE-ch U20"]
[Site "Vasteras"]
[Date "2011.07.19"]
[Round "4"]
[White "Wickstrom, Lucas"]
[Black "Agrest, Inna"]
[Result "1-0"]
[WhiteElo "2236"]
[BlackElo "2210"]
[PlyCount "135"]
[EventDate "2011.07.16"]
[EventType "tourn"]
[EventRounds "9"]
[EventCountry "SWE"]
[SourceTitle "CBM 143 Extra"]
[Source "ChessBase"]
[SourceDate "2011.08.29"]
[SourceVersion "1"]
[SourceVersionDate "2011.08.29"]
[SourceQuality "1"]

1. d4 Nf6 2. c4 g6 3. Nc3 Bg7 4. e4 d6 5. Nf3 0-0 6. Be2 Nbd7 7. 0-0 e5 8. Be3 Re8 9. Qc2 exd4 10. Nxd4 c6 11. Rad1 a6 12. Nb3 Qe7 13. f3 Ne5 14. Qd2 Be6 15. Qxd6 Bxc4 16. Na5 Bxe2 17. Nxe2 h5 18. b3 Rac8 19. Qxe7 Rxe7 20. Bc5 Rd7 21. Bd6 Rcd8 22. Nxb7 Nxf3+ 23. gxf3 Rxb7 24. Bf4 Rbd7 25. Rxd7 Rxd7 26. Rc1 Rd3 27. Kf2 Nd7 28. Rxc6 g5 29. Rc8+ Kh7 30. Bxg5 Ne5 31. Be3 Rd1 32. Ng3 Bf6 33. Ke2 Ra1 34. Rc2 h4 35. Nf5 Rh1 36. Bf4 Ng6 37. Bd6 Ne5 38. Ke3 Bg5+ 39. f4 Re1+ 40. Kd4 Nf3+ 41. Kd3 Bd8 42. Rf2 Ng1 43. Be7 Bxe7 44. Nxe7 Nh3 45. Rf3 Ng1 46. Rf2 Nh3 47. Rf3 Ng1 48. Re3 Rd1+ 49. Kc4 Rf1 50. Nf5 Rxf4 51. a4 Nf3 52. h3 Ng5 53. Kd5 Ne6 54. b4 Kg6 55. b5 axb5 56. axb5 Kg5 57. b6 Rf1 58. Rb3 Rd1+ 59. Kc6 Rc1+ 60. Kd7 Rd1+ 61. Ke7 Nc5 62. Rb5 Rc1 63. Nd4 Kg6 64. Nb3 Nxb3 65. Rxb3 Rc8 66. Rb5 Rc4 67. b7 Rxe4+ 68. Kf8 1-0

[Event "SWE-chT2 1011"]
[Site "Sweden"]
[Date "2011.03.12"]
[Round "8"]
[White "Wickstrom, Lucas"]
[Black "Johansson, Thomas1"]
[Result "1/2-1/2"]
[WhiteElo "2209"]
[BlackElo "2210"]
[PlyCount "55"]
[EventDate "2010.10.23"]
[EventType "team-tourn"]
[EventRounds "9"]
[EventCountry "SWE"]
[SourceTitle "EXT 2012"]
[Source "ChessBase"]
[SourceDate "2011.11.24"]
[SourceVersion "1"]
[SourceVersionDate "2011.11.24"]
[SourceQuality "1"]
[WhiteTeam "Umea Rockaden"]
[BlackTeam "Malmo"]
[WhiteTeamCountry "SWE"]
[BlackTeamCountry "SWE"]

1. d4 f5 2. Nc3 d5 3. Bg5 h6 4. Bf4 Nf6 5. e3 g5 6. Be5 e6 7. Be2 Bd6 8. f4 Nc6 9. Nh3 g4 10. Nf2 Bxe5 11. fxe5 Nh5 12. 0-0 Ng7 13. Nd3 Qg5 14. Nf4 Bd7 15. Qe1 a6 16. Nd1 Ne7 17. Nf2 h5 18. N2d3 b6 19. a4 a5 20. Qc3 Rc8 21. Qb3 h4 22. Rac1 0-0 23. c4 dxc4 24. Rxc4 Nd5 25. Nc1 Nb4 26. Ncd3 Nd5 27. Nc1 Nb4 28. Ncd3 1/2-1/2

[Event "SWE-chT 0910"]
[Site "Sweden"]
[Date "2010.02.06"]
[Round "7"]
[White "Wickstrom, Lucas"]
[Black "Volodin, Aleksandr"]
[Result "0-1"]
[WhiteElo "2200"]
[BlackElo "2429"]
[PlyCount "104"]
[EventDate "2009.10.16"]
[EventType "team"]
[EventRounds "11"]
[EventCountry "SWE"]
[SourceTitle "EXT 2011"]
[Source "ChessBase"]
[SourceDate "2010.11.26"]
[SourceVersion "1"]
[SourceVersionDate "2010.11.26"]
[SourceQuality "1"]
[WhiteTeam "Umea Rockaden"]
[BlackTeam "Viking"]
[WhiteTeamCountry "SWE"]
[BlackTeamCountry "SWE"]

1. d4 Nf6 2. c4 c5 3. d5 b5 4. cxb5 a6 5. bxa6 d6 6. Nc3 Bxa6 7. Nf3 g6 8. g3 Bg7 9. Bg2 Nbd7 10. Rb1 0-0 11. 0-0 Qa5 12. Bd2 Qc7 13. b3 Nb6 14. Ne1 Bb7 15. Bc1 c4 16. b4 Qd7 17. a3 Ne8 18. Bb2 Nc7 19. Nc2 Bxc3 20. Bxc3 Ncxd5 21. Ba1 f6 22. Qd4 e5 23. Bxd5+ Nxd5 24. Qxc4 Rac8 25. Qb3 Kg7 26. Ne3 Nxe3 27. Qxe3 d5 28. Bb2 Rc2 29. Rfc1 Rfc8 30. Rxc2 Rxc2 31. Qb6 d4 32. Rc1 Rxb2 33. Qc7 Qf7 34. Qxf7+ Kxf7 35. Rc7+ Ke6 36. Rxb7 Rxe2 37. Rb8 Ra2 38. b5 Rxa3 39. b6 Rb3 40. b7 Kf5 41. f3 g5 42. h3 h5 43. Kf2 Rb2+ 44. Ke1 h4 45. gxh4 gxh4 46. Rh8 Rxb7 47. Rxh4 Rb2 48. Rg4 Rh2 49. h4 Ke6 50. Kf1 Kd5 51. Rg6 d3 52. Ke1 Kd4 0-1

[Event "SWE-chT 0910"]
[Site "Sweden"]
[Date "2009.10.16"]
[Round "1"]
[White "Wickstrom, Lucas"]
[Black "Ahlander, Bjorn"]
[Result "1-0"]
[WhiteElo "2200"]
[BlackElo "2423"]
[PlyCount "143"]
[EventDate "2009.10.16"]
[EventType "team"]
[EventRounds "11"]
[EventCountry "SWE"]
[SourceTitle "EXT 2011"]
[Source "ChessBase"]
[SourceDate "2010.11.26"]
[SourceVersion "1"]
[SourceVersionDate "2010.11.26"]
[SourceQuality "1"]
[WhiteTeam "Umea Rockaden"]
[BlackTeam "Limhamn"]
[WhiteTeamCountry "SWE"]
[BlackTeamCountry "SWE"]

1. d4 Nf6 2. c4 e6 3. Nf3 d5 4. Nc3 Be7 5. Bg5 0-0 6. cxd5 exd5 7. e3 c6 8. Qc2 Nbd7 9. Bd3 Re8 10. h3 Nf8 11. 0-0-0 Be6 12. Kb1 a6 13. Ka1 Rc8 14. Qb1 b5 15. Rc1 N6d7 16. Bxe7 Qxe7 17. Rhe1 c5 18. e4 dxe4 19. Bxe4 cxd4 20. Nxd4 Qf6 21. Nxe6 Rxe6 22. Nd5 Qd8 23. Bxh7+ Kh8 24. Bf5 Rxc1 25. Qxc1 Rd6 26. Ne7 Nf6 27. Qg5 Rd2 28. Nc6 Rd1+ 29. Bb1 Qd3 30. Rxd1 Qxd1 31. Qh4+ N8h7 32. Qd4 Qxd4 33. Nxd4 g6 34. Nc6 Nd5 35. Nb8 Nc7 36. Be4 Ng5 37. Bb7 a5 38. b3 Nge6 39. Nc6 a4 40. bxa4 bxa4 41. Ne5 Kg7 42. Kb2 Nb5 43. Nd3 Kf6 44. Ba6 Nd6 45. Ka3 Nc7 46. Nc5 Ke5 47. Kxa4 Kd4 48. Nb3+ Kc3 49. Bf1 Nd5 50. Nc5 Kb2 51. a3 Nc3+ 52. Ka5 Kxa3 53. Kb6 Kb4 54. Kc6 Nde4 55. Nd3+ Kc4 56. Ne5+ Kb4 57. f3 Nd2 58. Bd3 Nd1 59. h4 Ne3 60. g4 Kc3 61. h5 Nxf3 62. Nxf3 Nxg4 63. Bxg6 fxg6 64. hxg6 Kd3 65. Kd6 Ke4 66. g7 Nh6 67. Nh4 Kf4 68. Ke6 Kg5 69. Nf5 Ng8 70. Kf7 Nf6 71. Ne7 Ng8 72. Nxg8 1-0